00605nam a2200145 a 450000100100000000500170001000800410002704000250006810000300009324501200012326000460024330000350028950000720032450000630039600002791920200930031212.0110405s2005 dr ac 000 0 spa d aDO-SdBNPbspacBNPHU1 aSantos, Juan de losd197010aRindiendo cuentas :bmemorias de los dos primeros años cumpliendo con mi deber de diputado /cJuan de los Santos. aSanto Domingo :bEditora Manatí,c2005. a55 p. :bil., retrs. ;c22 cm. aMemorias de los primeros años cumpliendo con mi deber de Diputado aIncluye datos biográficos del autor en la contracubierta